000 00733nam a22002057a 4500
999 _c17379
_d17379
003 AR-CdUCM
008 190508b ||||| |||| 00| 0 spa d
040 _aMUNICIPALIDAD PROVINCIAL DEL CUSCO
_cBIBLIOTECA MUNICIPAL DEL CUSCO
082 _a869.562 /
_bAL39
100 _aAlegría, Ciro
_9807
245 _aDuelo de Caballeros :
_bcuentos y relatos /
260 _aLima :
_bPopulibros Peruanos,
_c1963.
300 _a127 páginas ;
_c18 cm.
505 _aContenido: Cuarzo -- La ofrenda de piedra -- Calixto Garmendia -- Panki y el guerrero -- Muerte del cabo Cheo López ...
650 _aCuentos Peruanos
_933
650 _aLiteratura Peruana
_9132
650 _aSiglo XX
_98
942 _2ddc
_cLIBROS
945 _aachl
_d2019-05-08